000 00552nam a22001337a 4500
008 230426b |||||||| |||| 00| 0 eng d
040 _aNational Science Library
_cNational Science Library
080 _a528.71(1-773)(047)
_bL7
245 _aResource sensing from space:
_bProspects for developing countries
_cReport of the ad hoc committee on remote..................................................National Research Council
260 _aWashington:
_bNational Academy of Science,
_c1977
300 _av, 202p.
650 _aReport
942 _2udc
_cREP
999 _c23445
_d23445